Normal view
MARC view
- Neville, Suzanne
Entry Personal Name
001 - CONTROL NUMBER
- control field: 6798
003 - CONTROL NUMBER IDENTIFIER
- control field: OSt
005 - DATE AND TIME OF LATEST TRANSACTION
- control field: 20170522121342.0
008 - FIXED-LENGTH DATA ELEMENTS
- fixed length control field: 170522|| aca||aabn | a|a d
040 ## - CATALOGING SOURCE
- Original cataloging agency: OSt
- Transcribing agency: OSt
100 ## - HEADING--PERSONAL NAME
- Personal name: Neville, Suzanne
670 ## - SOURCE DATA FOUND
- Source citation: Work cat.: (OSt)0: Fraser, Alastair 6796, A practical guide to team building /, 1996

PORTAL AKMAL
E-MEL JKDM
AKMAL2U
G-BAM
u-PUSTAKA